Villes belges par monument - Images - Statistiques

Statistiques générales
  • Ce quiz a été pris 86 fois
  • Le résultat moyen est 8 sur 16
Statistiques - réponses
Par images Réponse % Correct
Bruxelles (Atomium)
97%
Waterloo (Butte du Lion)
82%
Liège (Montagne de Bueren)
77%
Bruges (Béguinage)
70%
Ostende (Port)
69%
Gand (Beffroi)
64%
Namur (Parlement Wallon)
62%
Anvers (Cathédrale Notre-Dame)
57%
Charleroi (Gare Centrale)
53%
Mons (Collégiale Sainte-Waudru)
34%
Bouillon (Château de Bouillon)
32%
Louvain (Chateau d'Arenberg)
30%
La Louvière (Ascenseur à bâteaux)
27%
Courtrai (Tours du Broel)
15%
Hasselt (Hôtel de ville)
8%
Saint-Trond (Grand-Place et Beffroi)
7%
Aucun quiz correspondant
Distribution des résultats
% des personnes avec chaque résultat
Percentile par nombre de réponses
Votre historique - résultats
Vous n’avez pas pris ce quiz